000 00514nam a2200181Ia 4500
005 20250508152651.0
008 008 250505s9999 xx 000 0 hin d
037 _aTextual
040 _aFEDL
_beng
_cFEDL
041 _ahin
_2eng
084 _a891.432, PRA
_qFEDL
100 _aPrabhakar Vishnu
245 0 _aNav prabhat: Ashok kaleen etihasik natak
260 _aNew Delhi, India
_bSasta Sahitya Mandal
_c1959
300 _a110p.
942 _cTEXL
_h891.432, PRA
999 _c1337912
_d1337912